| 000 | 00447nam a2200157Ia 4500 | ||
|---|---|---|---|
| 999 |
_c36318 _d36318 |
||
| 003 | OSt | ||
| 005 | 20201214130446.0 | ||
| 008 | 190216s9999||||xx |||||||||||||| ||und|| | ||
| 040 | _coclc | ||
| 082 |
_a660.6 _bPUR/B |
||
| 100 |
_aPurohit, Shrinath _9381 |
||
| 245 | 0 |
_aBiotechnology / _cS Purohit |
|
| 260 |
_bAgro Botanical Publishers, _c1996. _aBikaner: |
||
| 300 | _a548p | ||
| 942 |
_cREF _2ddc _h660.6 _iPUR/B _k660.6 _mPUR/B |
||